| 000 | 00535nam a2200169 i 4500 | ||
|---|---|---|---|
| 001 | 58595 | ||
| 003 | ES-MaACL | ||
| 005 | 20230906163837.0 | ||
| 007 | t| | ||
| 008 | 031023s1973 sp ||||1| spa d | ||
| 100 | 1 |
_aEastham, J. K. _946448 |
|
| 245 | 1 | 0 |
_aEconomía en términos gráficos / _cpor J.K. Eastham ; versión por Mª del Carmen Plaza de Barreneche. |
| 260 |
_aBarcelona : _bMarcombo, _c[1973] |
||
| 300 |
_aXVI, 363 p. ; _c22 cm. |
||
| 700 | 1 |
_aPlaza de Barreneche, María del Carmen. _992628 |
|
| 852 |
_aES-MaACL _jC-53983 |
||
| 999 |
_c58595 _d58595 |
||